| 000 | 00431nmm a2200157Ia 4500 | ||
|---|---|---|---|
| 008 | 251105s9999||||xx |||||||||||||||||und|| | ||
| 041 | _aspa | ||
| 100 | _aFranc, Isabel | ||
| 245 | 0 | _aElogio del Happy End | |
| 264 |
_a[Madrid, España] : _bEditorial Egales, _c2018 |
||
| 300 | _a225 páginas | ||
| 490 | _aNarrativa | ||
| 650 | _aSpanish narrative | ||
| 856 | _uhttps://public.digitaliapublishing.com/a/174938 | ||
| 942 | _cCF | ||
| 999 |
_c100157 _d100157 |
||